000 01023nam a22003017a 4500
001 5394
003 FISKH
005 20241202124248.0
008 241202b cb ||||| |||| 00| 0 eng d
020 _a9780439316293
040 _aFISKH
_beng
_cFISKH
_dFISKH
050 _aPZ7.C8615
082 _a813.54
100 _aCreech, Sharon
245 _aThe Wanderer /
_cby Sharon Creech
250 _aFirst Scholastic printing, September 2001
260 _aNew York :
_bScholastic ;
_c2000 .
300 _a305 pages :
_billustrations ;
_c20 cm .
505 _aU
520 _aThirteen-year-old Sophie and her cousin Cody record their transatlantic crossing aboard the Wanderer, a forty-five foot sailboat, which, along with uncles and another cousin, is en route to visit their grandfather in England.
521 8 _a830
_bLexile
521 8 _aU
_bRaz-Plus
650 _asailing
_vFiction
650 _afamily
_vFiction
700 _aDiaz, David
_eillustrator
942 _2ddc
_cBK
_n0
999 _c5394
_d5394